Normal view
MARC view
- Das,Vinu v
Entry Personal Name
001 - CONTROL NUMBER
- control field: 168
003 - CONTROL NUMBER IDENTIFIER
- control field: JO-AjAnu
005 - DATE AND TIME OF LATEST TRANSACTION
- control field: 20230606070328.0
008 - FIXED-LENGTH DATA ELEMENTS
- fixed length control field: 230606|| aca||aabn | a|a d
040 ## - CATALOGING SOURCE
- Original cataloging agency: JO-AjAnu
- Transcribing agency: JO-AjAnu
100 ## - HEADING--PERSONAL NAME
- Personal name: Das,Vinu v
670 ## - SOURCE DATA FOUND
- Source citation: Work cat.: (JO-AjAnu)89: Das,Vinu v, author, Principles of Data Structures using C and c++